000 00425nam a2200169Ia 4500
008 231120s2022 xx 000 0 und d
020 _a978939061993
041 _aeng
082 _a610.73
_bSUS
100 _aSUSHAMA PANDEY
245 _aPRINCIPLES AND PROCEDURES OF NURSING FOUNDATIONS VOL-II
250 _a2nd Edition
260 _bC B S
_c2022
300 _a571
440 _vVOL-II
650 _aNURISNG FOUNDATION
999 _c934522
_d934522